La transformación de Santiago. Notas e indicaciones respetuosamente sometidas a la Ilustre Municipalidad, al Supremo Gobierno y al Congreso Nacional por el Intendente de Santiago: Julio de 1872
Tallennettuna:
| Päätekijä: | |
|---|---|
| Aineistotyyppi: | Kirja |
| Kieli: | espanja |
| Julkaistu: |
Santiago
Imprenta de la Librería del Mercurio
1872
|
| Painos: | 1a. ed |
| Aiheet: | |
| Tagit: |
Lisää tagi
Ei tageja, Lisää ensimmäinen tagi!
|
MARC
| LEADER | 00000nam a2200000 a 4500 | ||
|---|---|---|---|
| 001 | UCJ3139 | ||
| 003 | CL-VaPUC | ||
| 008 | 070124e18720000CL |||||||||||||||||spa|d | ||
| 082 | 0 | 4 | |a 983 |b VIC |2 21 |
| 100 | |a Vicuña Mackenna, Benjamín, |d 1831-1886 |x Político e historiador |z Chile |e author |9 374 | ||
| 245 | 1 | 3 | |a La transformación de Santiago. Notas e indicaciones respetuosamente sometidas a la Ilustre Municipalidad, al Supremo Gobierno y al Congreso Nacional por el Intendente de Santiago: Julio de 1872 |
| 250 | |a 1a. ed | ||
| 300 | |a 289 p | ||
| 942 | |c BK | ||
| 945 | |d 20070124 00:00:00 |a rinostro | ||
| 260 | |a Santiago |b Imprenta de la Librería del Mercurio |c 1872 | ||
| 500 | |a Benelli, Bibliografía, N§54 | ||
| 650 | 0 | |a Historia de Chile |9 265473 | |
| 650 | 0 | |a Urbanismo |9 255208 | |
| 650 | 0 | |a Ciudades chilenas |9 504614 | |
| 650 | 7 | |a DESARROLLO URBANO |2 CL-VaPUC |9 504615 | |
| 650 | 0 | |a Administración pública |9 255343 | |
| 650 | 0 | |a Gobierno local |9 258648 | |
| 650 | 7 | |a CALLES Y PASEOS |2 CL-VaPUC |9 329702 | |
| 651 | 0 | |a Santiago |9 265444 | |
| 651 | 7 | |a CERRO SANTA LUCIA |2 CL-VaPUC |9 344712 | |
| 583 | |a last modification |c 20070124 00:00:00 |k Rodrigo Vera | ||
| 999 | |c 319261 |d 319259 | ||
| 952 | |0 0 |1 0 |4 0 |6 983_000000000000000_VIC_1872 |7 0 |8 X |9 397536 |a FDOBUD |b FDOBUD |d 2019-11-22 |i 1004662 |o 983 VIC 1872 |p 1004662 |r 2019-11-22 |w 2019-11-22 |y BK_X |k BUD | ||